Countries With Oldest Average Age Of First Marriage - Statistics

General Stats
  • This quiz has been taken 106 times
  • The average score is 13 of 21
Answer Stats
Rank Country Age % Correct
13 United Kingdom 32.5
96%
7 Spain 33.4
93%
1 Sweden 34.8
90%
20 France 31.9
89%
15 Netherlands 32.2
89%
11 Italy 32.8
88%
10 Norway 32.9
88%
15 Germany 32.2
86%
14 Finland 32.3
85%
8 Denmark 33.3
84%
3 Ireland 34.2
81%
6 Iceland 33.7
80%
15 Luxembourg 32.2
74%
20 Monaco 31.9
59%
18 San Marino 32.1
50%
4 Chile 34.0
21%
4 Jamaica 34.0
15%
2 Dominica 34.5
11%
9 Barbados 33.1
9%
12 Grenada 32.7
9%
18 Morocco 32.1
3%
No matching quizzes found
Score Distribution
Percent of People with Each Score
Percentile by Number Answered
Your Score History
You have not taken this quiz